| 000 | 00430nam a2200169Ia 4500 | ||
|---|---|---|---|
| 005 | 20250423101453.0 | ||
| 008 | 250422s9999 xx 000 0 und d | ||
| 020 | _a605-4081-95-0 | ||
| 050 | _aPZ 7 .T87 T45/ | ||
| 100 | _aTurner, Megan Whalen | ||
| 245 | 4 | _aThe thief | |
| 260 | _aIstanbul | ||
| 260 | _bTEG Publishing | ||
| 300 | _a36 p | ||
| 650 | _aEnglish language -- Study and teaching Readers - Stage 6 | ||
| 942 | _cBK | ||
| 999 |
_c36386 _d36386 |
||